We americans
Guardat en:
| Autors principals: | , |
|---|---|
| Format: | Llibre |
| Idioma: | anglès |
| Publicat: |
Nueva York
Oxford Book Company
1957
|
| Col·lecció: | Oxford Adult Education Texts
|
| Matèries: | |
| Etiquetes: |
Afegir etiqueta
Sense etiquetes, Sigues el primer a etiquetar aquest registre!
|
MARC
| LEADER | 00000nam a2200000 a 4500 | ||
|---|---|---|---|
| 001 | UCQ3620 | ||
| 003 | CL-VaPUC | ||
| 008 | 980821e19570000US |||||||||||||||||eng|d | ||
| 082 | 0 | 4 | |a 807 |b PAN |2 21 |
| 100 | |a Pantell, Dora F. |e author |9 417862 | ||
| 700 | 0 | |a Cass, Angelica W |e author |9 417863 | |
| 245 | 1 | 0 | |a We americans |
| 300 | |a 279 p | ||
| 942 | |c BK | ||
| 945 | |d 19980821 00:00:00 |a crobeson | ||
| 260 | |a Nueva York |b Oxford Book Company |c 1957 | ||
| 650 | 0 | |a Ensayos estadounidenses |9 268384 | |
| 650 | 0 | |a Literatura estadounidense |9 317168 | |
| 650 | 0 | |a Inglés |9 260023 | |
| 650 | 0 | |a Enseñanza de idiomas |9 339820 | |
| 650 | 0 | |a Comprensión de lectura |9 307588 | |
| 583 | |a last modification |c 19980821 00:00:00 |k Rodrigo Vera | ||
| 490 | 0 | |a Oxford Adult Education Texts | |
| 999 | |c 274140 |d 274138 | ||
| 952 | |0 0 |1 0 |4 0 |6 807_000000000000000_PAN_1957 |7 0 |8 A |9 310223 |a BIBEDU |b BIBEDU |d 2019-11-20 |i 1456237 |o 807 PAN 1957 |p 1456237 |r 2019-11-20 |w 2019-11-20 |y BK |k LIT | ||